| 000 | 02482nkm a2200409 c 4500 | ||
|---|---|---|---|
| 999 |
_c209329 _d209329 |
||
| 003 | BLK | ||
| 005 | 20200924095049.0 | ||
| 008 | 180412b bul rap|r|||| r0| ||bulo| | ||
| 010 | _aKNG00115874000 | ||
| 020 | _a954-8353-63-6 | ||
| 040 | _aBLK | ||
| 041 |
_aBUL _cBUL |
||
| 080 |
_aВоенна история - Военни походи, битки, героични подвизи. Вж и 93/99 _b355.48 _x(497.2)(084) _z355.48(497.2)(084) |
||
| 139 |
_aВойните на България за освобождение и национално обединение _bВ 80 |
||
| 245 | 1 | 0 |
_aВойните на България за освобождение и национално обединение _bДок. фотоалбум : Т. 1 - _cсъстав. Юли Стефанов Минчев; текст на том Никола Рухчев; текст на том Димитър Йончев; текст на том Яко Аврамов Молхов. _nТ. 1 _pРуско-Турската Освободителна война 1877 - 1878 ; Сръбско-българската война 1885 ; Първата и Втората Балканска война 1912-1913 |
| 257 | _aBGR | ||
| 260 |
_c2003 - _fСофия : Вулкани 4 |
||
| 300 | _c21Х29 см | ||
| 380 | _a3 | ||
| 490 | 1 | _aПоредица Памет | |
| 500 | _aОфс. изд. | ||
| 650 | 4 |
_aБългария - военна история _9241785 |
|
| 653 | _aБългария | ||
| 653 | _aвойни | ||
| 653 | _aистория | ||
| 653 | _aнационалноосвободителни движения | ||
| 700 | 1 |
_aМинчев, Юли Стефанов _eсъстав. _9378905 |
|
| 700 | 1 |
_aРухчев, Никола _eтекст на том _9351636 |
|
| 700 | 1 |
_aЙончев, Димитър _eтекст на том _9364494 |
|
| 700 | 1 |
_aМолхов, Яко Аврамов _eтекст на том _9369444 |
|
| 760 | 1 |
_dБалкани, 2003 _h220 с. : с ил., портр. _n300 тир. - Библиогр. с. 220. _tТ. 1 Руско-Турската Освободителна война 1877 - 1878 ; Сръбско-българската война 1885 ; Първата и Втората Балканска война 1912-1913 |
|
| 852 | _aЦб 302950 | ||
| 856 | 4 |
_qpdf _u |
|
| 856 | 4 |
_qpdf _u |
|
| 942 |
_cGRA _n0 _s1 |
||
| 944 |
_aCR _c28.10.2004 _lф / _kЛюдмила_Стоянова |
||
| 944 |
_aED _c13.06.2011 _lф / |
||
| 999 | _d209329 | ||